| 000 | 01167cam a2200229 4500 | ||
|---|---|---|---|
| 001 | ABS65616 | ||
| 008 | 020704n2002 000 0 eng u | ||
| 035 | _a(Sirsi) u118680 | ||
| 100 | _aEllison, W. | ||
| 245 | _aSpace medicine | ||
| 260 | _c2002 | ||
| 490 |
_aEstates Gazette _v(0223) 8 June 2002, 105(2) |
||
| 520 | _aLooks at the problems of office ergonomics and the benefits good office design can bring to everyone. Notes the British Council for Offices has just published a guide to good ergonomic practice, Best Practice for Offices, which argues the issue relates to good practice in the workplace. Argues that a balance should be struck between the human and the business and how cost effective the changes are as some of the alterations to the office environment can be very costly. People have to understand the dangers of the workplace though as accidents happen and the office is arguably as dangerous a place as a factory. | ||
| 590 | _aABS | ||
| 650 | _aERGONOMICS | ||
| 650 | _aOFFICE SPACE | ||
| 650 | _aACCIDENTS AT WORK | ||
| 650 | _aOFFICE COSTS | ||
| 650 | _aCOST-EFFECTIVENESS | ||
| 690 |
_aHealth and safety _96244 |
||
| 942 | _n0 | ||
| 999 |
_c70679 _d70679 |
||